Countries of the world- Map Quiz - Statistics

General Stats
  • This quiz has been taken 8 times
  • The average score is 87 of 190
Answers on the Map
Answers color-coded by a green-red scale on the quiz's map according to % correct below.
 
Answer Stats
Answer % Correct
Brazil
75%
Iran
75%
Iraq
75%
Ireland
75%
Israel
75%
Italy
75%
Jamaica
75%
Japan
75%
Jordan
75%
Kazakhstan
75%
Kenya
75%
Kiribati
75%
Kuwait
75%
Kyrgyzstan
75%
Laos
75%
Latvia
75%
Lebanon
75%
Afghanistan
50%
Albania
50%
Algeria
50%
Andorra
50%
Antigua and Barbuda
50%
Argentina
50%
Armenia
50%
Australia
50%
Austria
50%
Azerbaijan
50%
Bahamas
50%
Bahrain
50%
Belarus
50%
Belgium
50%
Belize
50%
Benin
50%
Bhutan
50%
Bolivia
50%
Bosnia and Herzegovina
50%
Botswana
50%
Brunei
50%
Bulgaria
50%
Burkina faso
50%
Burundi
50%
Cambodia
50%
Cameroon
50%
Canada
50%
Djibouti
50%
Dominica
50%
Dominican republic
50%
Ecuador
50%
Egypt
50%
El salvador
50%
Eritrea
50%
Estonia
50%
Eswatini
50%
Ethiopia
50%
Federated states of Micronesia
50%
Fiji
50%
Finland
50%
France
50%
Gabon
50%
Gambia
50%
Germany
50%
Ghana
50%
Greece
50%
Grenada
50%
Guatemala
50%
Guinea
50%
Guinea Bissau
50%
Guyana
50%
Haiti
50%
Honduras
50%
Hungary
50%
Iceland
50%
India
50%
Indonesia
50%
Leichtenstein
50%
Mozambique
50%
Myanmar
50%
Namibia
50%
Nepal
50%
Netherlands
50%
New zealand
50%
Nicaragua
50%
Niger
50%
Nigeria
50%
North korea
50%
North macedonia
50%
Norway
50%
Oman
50%
Pakistan
50%
Palau
50%
Panama
50%
Papua new guinea
50%
Paraguay
50%
Peru
50%
Philippines
50%
Poland
50%
Portugal
50%
Qatar
50%
Romania
50%
Russia
50%
Rwanda
50%
Samoa
50%
San marino
50%
Sao tome and Principe
50%
Saudi arabia
50%
Senegal
50%
Serbia
50%
Seychelles
50%
Sierra leone
50%
Singapore
50%
Slovakia
50%
Slovenia
50%
Solomon islands
50%
Somalia
50%
South africa
50%
South korea
50%
South sudan
50%
Spain
50%
Sri lanka
50%
Taiwan
50%
Tajikistan
50%
Tanzania
50%
Thailand
50%
Timor Leste
50%
Togo
50%
Tonga
50%
Trinidad and Tobago
50%
Tunisia
50%
Turkey
50%
Turkmenistan
50%
Tuvalu
50%
Uganda
50%
Ukraine
50%
United arab emirates
50%
United kingdom
50%
United states
50%
Uruguay
50%
Uzbekistan
50%
Vanuatu
50%
Vatican city
50%
Venezuela
50%
Vietnam
50%
Yemen
50%
Zambia
50%
Zimbabwe
50%
Bangledesh
25%
Barbados
25%
Cape verde
25%
Central African Republic
25%
Chad
25%
Chile
25%
China
25%
Comoros
25%
Costa rica
25%
Croatia
25%
Cuba
25%
Cyprus
25%
Czech republic
25%
Democratic republic of the congo
25%
Denmark
25%
Equitorial guinea
25%
Liberia
25%
Libya
25%
Lithuania
25%
Luxembourg
25%
Madagascar
25%
Malawi
25%
Malaysia
25%
Maldives
25%
Mali
25%
Malta
25%
Marshall islands
25%
Mauritania
25%
Mauritius
25%
Mexico
25%
Moldova
25%
Monaco
25%
Mongolia
25%
Montenegro
25%
Morocco
25%
Suriname
25%
Sweden
25%
Switzerland
25%
Syria
25%
Columbia
0%
Lesotho
0%
St. Kitts and Nevis
0%
St. Lucia
0%
St. Vincent and the Grenadines
0%
Sudan
0%
No matching quizzes found
Score Distribution
Percent of People with Each Score
Percentile by Number Answered
Your Score History
You have not taken this quiz